[Event "CZE-chT1E 2122"]
[Site "Czech Republic"]
[Date "2022.01.23"]
[Round "7.2"]
[White "Skalsky, Alexandr"]
[Black "Raszka, Janusz"]
[Result "1-0"]
[WhiteElo "2218"]
[BlackElo "2005"]
[PlyCount "91"]
[EventDate "2021.10.09"]
[EventType "team-tourn"]
[EventRounds "11"]
[EventCountry "CZE"]
[SourceTitle "EXT 2023"]
[Source "ChessBase"]
[SourceDate "2022.10.05"]
[SourceVersion "1"]
[SourceVersionDate "2022.10.05"]
[SourceQuality "1"]
[WhiteTeam "Stare Mesto"]
[BlackTeam "Cesky Tesin"]
[WhiteTeamCountry "CZE"]
[BlackTeamCountry "CZE"]

1. e4 c5 2. Nf3 e6 3. d4 cxd4 4. Nxd4 a6 5. c4 Qc7 6. Nc3 Nc6 7. Be2 Nf6 8. 0-0 Be7 9. Be3 0-0 10. f4 d6 11. Rc1 Bd7 12. Qd3 Nxd4 13. Bxd4 Rfd8 14. Qe3 Qb8 15. Bb6 Rc8 16. e5 Ne8 17. Rf3 f5 18. exf6 Nxf6 19. Bd3 Rf8 20. Rg3 Qe8 21. Bd4 Qf7 22. Rf1 Bc6 23. Rh3 g6 24. b4 Ng4 25. Qd2 Bf6 26. Be2 e5 27. Bb6 h5 28. f5 gxf5 29. Rxf5 Qg6 30. Rfxh5 Bxg2 31. Bxg4 Bxh3 32. Rxh3 Bg5 33. Qd5+ Kg7 34. Qe4 Qxe4 35. Nxe4 Rf4 36. Bf3 Be7 37. Be3 Rf7 38. Nc3 Rc8 39. Bh6+ Kh8 40. Bd2+ Kg7 41. Bxb7 Rxc4 42. Rg3+ Kf8 43. Bd5 Rxb4 44. Bh6+ Ke8 45. Bxf7+ Kxf7 46. Rg7+ 1-0

[Event "CZE-chT2E 2122"]
[Site "Czech Republic"]
[Date "2021.11.07"]
[Round "2.2"]
[White "Seidl, Stepan"]
[Black "Skalsky, Alexandr"]
[Result "1-0"]
[WhiteElo "2173"]
[BlackElo "2218"]
[PlyCount "63"]
[EventDate "2021.10.17"]
[EventType "team-tourn"]
[EventRounds "11"]
[EventCountry "CZE"]
[SourceTitle "EXT 2024"]
[Source "ChessBase"]
[SourceDate "2023.10.10"]
[SourceVersion "1"]
[SourceVersionDate "2023.10.10"]
[SourceQuality "1"]
[WhiteTeam "Jihlava Gambit"]
[BlackTeam "Stare Mesto II"]
[WhiteTeamCountry "CZE"]
[BlackTeamCountry "CZE"]

1. e4 c5 2. Nf3 d6 3. c3 Nf6 4. Be2 g6 5. 0-0 Bg7 6. d3 0-0 7. a4 Nc6 8. Na3 d5 9. Qc2 c4 10. dxc4 dxe4 11. Rd1 Qc7 12. Nb5 Qb8 13. Nfd4 a6 14. Nxc6 bxc6 15. Nd4 Qc7 16. Bg5 Re8 17. c5 Rb8 18. b4 Nd5 19. Bc4 e6 20. Qxe4 Nxc3 21. Qxc6 Qxc6 22. Nxc6 Nxd1 23. Rxd1 Ra8 24. Ne7+ Kf8 25. Nxc8 Rexc8 26. Bf4 Bc3 27. Bd6+ Kg8 28. b5 Bb4 29. b6 Rd8 30. Rb1 Rac8 31. Rxb4 a5 32. Rb1 1-0

[Event "Pardubice Czech op-A 32nd"]
[Site "Pardubice"]
[Date "2021.07.29"]
[Round "7"]
[White "Skalsky, Alexandr"]
[Black "Ihnat, Marek1111"]
[Result "1-0"]
[WhiteElo "2172"]
[BlackElo "2066"]
[PlyCount "63"]
[EventDate "2021.07.23"]
[EventType "swiss"]
[EventRounds "9"]
[EventCountry "CZE"]
[SourceTitle "EXT 2022"]
[Source "ChessBase"]
[SourceDate "2021.10.06"]
[SourceVersion "1"]
[SourceVersionDate "2021.10.06"]
[SourceQuality "1"]

1. b3 e5 2. Bb2 Nc6 3. e3 Nf6 4. Bb5 Bd6 5. Na3 Na5 6. Be2 a6 7. c4 0-0 8. Nc2 Nc6 9. d3 Re8 10. g4 h6 11. h4 Nh7 12. e4 Bf8 13. Nf3 g6 14. Ne3 d6 15. Rg1 Nd4 16. Nxd4 exd4 17. Bxd4 Qxh4 18. Qd2 c6 19. 0-0-0 Bg7 20. Rh1 Qg5 21. f4 Qe7 22. Qb2 Qf8 23. Rh2 Bxd4 24. Qxd4 Qg7 25. Qxg7+ Kxg7 26. Rdh1 f5 27. Rxh6 Nf6 28. g5 Ng8 29. Rxg6+ Kxg6 30. Bh5+ Kg7 31. Bxe8 fxe4 32. dxe4 1-0

[Event "Pardubice Czech op-A 32nd"]
[Site "Pardubice"]
[Date "2021.07.25"]
[Round "3"]
[White "Skalsky, Alexandr"]
[Black "Kjartansson, Gudmundur"]
[Result "0-1"]
[WhiteElo "2172"]
[BlackElo "2496"]
[PlyCount "58"]
[EventDate "2021.07.23"]
[EventType "swiss"]
[EventRounds "9"]
[EventCountry "CZE"]
[SourceTitle "CBM 203 Extra"]
[Source "ChessBase"]
[SourceDate "2021.09.30"]
[SourceVersion "1"]
[SourceVersionDate "2021.09.30"]
[SourceQuality "1"]

1. e4 c6 2. d4 d5 3. exd5 cxd5 4. c4 Nf6 5. Nc3 e6 6. Nf3 Be7 7. cxd5 Nxd5 8. Bd3 Nc6 9. 0-0 0-0 10. a3 Nxc3 11. bxc3 b6 12. Re1 Bb7 13. Bc2 Rc8 14. Qd3 g6 15. Bh6 Re8 16. Re3 Qd5 17. Qe2 Qh5 18. Bf4 Bf6 19. Be4 Qa5 20. Nd2 Ba6 21. Bd3 Qxc3 22. Rd1 Nxd4 23. Qf1 Bxd3 24. Ne4 Ne2+ 25. Rxe2 Bxe4 26. Rxe4 Qxa3 27. Qb5 Red8 28. Rde1 Qd3 29. Qa4 b5 0-1

[Event "CZE-ch rapid U20"]
[Site "Ceska Trebova"]
[Date "2020.09.19"]
[Round "3"]
[White "Kolomy, Adam"]
[Black "Skalsky, Alexandr"]
[Result "0-1"]
[WhiteElo "1699"]
[BlackElo "2038"]
[PlyCount "87"]
[EventDate "2020.09.19"]
[EventType "swiss (rapid)"]
[EventRounds "9"]
[EventCountry "CZE"]
[SourceTitle "CBM 198 Extra"]
[Source "ChessBase"]
[SourceDate "2020.11.30"]
[SourceVersion "1"]
[SourceVersionDate "2020.11.30"]
[SourceQuality "1"]

1. d4 Nf6 2. Nf3 g6 3. Bg5 Bg7 4. e3 c5 5. c3 d6 6. Bd3 h6 7. Bh4 Nc6 8. Nbd2 cxd4 9. exd4 Nd5 10. 0-0 Nf4 11. Bb5 0-0 12. Re1 g5 13. Bg3 Ng6 14. Re3 f5 15. Bd3 e5 16. dxe5 dxe5 17. Bxf5 Bxf5 18. Qb3+ Kh7 19. Qxb7 Qb6 20. Qxb6 axb6 21. Nc4 e4 22. Nfd2 Rfd8 23. Nxe4 b5 24. Ncd6 Bxe4 25. Rxe4 b4 26. Rc4 Nce5 27. Rd4 bxc3 28. bxc3 Ra6 29. Nf5 Rda8 30. a4 Bf6 31. Rb4 Nf7 32. Rb7 R6a7 33. Rab1 Bxc3 34. Nd6 Ngh8 35. Kf1 Kg8 36. Nxf7 Nxf7 37. Rb8+ Rxb8 38. Rxb8+ Kg7 39. Rc8 Bf6 40. Rc4 Ne5 41. Rb4 Re7 42. f3 Nd3 43. Rc4 Nb2 44. a5 0-1

[Event "CZE-ch rapid U20"]
[Site "Ceska Trebova"]
[Date "2020.09.19"]
[Round "1"]
[White "Machacek, Lukas"]
[Black "Skalsky, Alexandr"]
[Result "0-1"]
[WhiteElo "1519"]
[BlackElo "2038"]
[PlyCount "82"]
[EventDate "2020.09.19"]
[EventType "swiss (rapid)"]
[EventRounds "9"]
[EventCountry "CZE"]
[SourceTitle "CBM 198 Extra"]
[Source "ChessBase"]
[SourceDate "2020.11.30"]
[SourceVersion "1"]
[SourceVersionDate "2020.11.30"]
[SourceQuality "1"]

1. d4 Nf6 2. Bf4 g6 3. e3 Bg7 4. Nf3 d6 5. Bd3 Nh5 6. Bg3 c5 7. c3 Nc6 8. Nbd2 Nxg3 9. hxg3 cxd4 10. exd4 e5 11. Nb3 Bg4 12. Qe2 0-0 13. Rh4 Bxf3 14. Qxf3 exd4 15. cxd4 a5 16. a4 Qb6 17. Qd5 Nb4 18. Qf3 Rfe8+ 19. Kf1 Rac8 20. Rf4 Re7 21. Re1 Rxe1+ 22. Kxe1 Nxd3+ 23. Qxd3 Qb4+ 24. Kf1 Qxa4 25. d5 Qa2 26. Qb5 Qb1+ 27. Ke2 Qxb2+ 28. Kf3 f5 29. Rc4 Rxc4 30. Qxc4 Qc3+ 31. Qxc3 Bxc3 32. Ke2 a4 33. Nc1 b5 34. Na2 Bd4 35. f3 Kf7 36. Kd3 Be5 37. f4 Bf6 38. Nb4 Ke8 39. Nc6 Kd7 40. Na7 a3 41. Nxb5 a2 0-1

[Event "CZE-ch rapid U20"]
[Site "Ceska Trebova"]
[Date "2020.09.19"]
[Round "6"]
[White "Skalsky, Alexandr"]
[Black "Cibulka, Josef"]
[Result "1/2-1/2"]
[WhiteElo "2038"]
[BlackElo "1521"]
[PlyCount "78"]
[EventDate "2020.09.19"]
[EventType "swiss (rapid)"]
[EventRounds "9"]
[EventCountry "CZE"]
[SourceTitle "CBM 198 Extra"]
[Source "ChessBase"]
[SourceDate "2020.11.30"]
[SourceVersion "1"]
[SourceVersionDate "2020.11.30"]
[SourceQuality "1"]

1. e4 e5 2. Nf3 Nc6 3. d4 exd4 4. Nxd4 Nf6 5. Nxc6 dxc6 6. Qxd8+ Kxd8 7. Bg5 Be7 8. Nc3 Be6 9. 0-0-0+ Ke8 10. Bf4 Bb4 11. f3 Bxc3 12. bxc3 Rc8 13. g4 h6 14. h4 Nd7 15. Rd4 Nb6 16. Rb4 Kd7 17. Be2 Rcd8 18. Be3 Kc8 19. f4 f6 20. Bd4 a5 21. Rb1 Nc4 22. Rg1 Na3 23. Rb2 Nc4 24. Rb1 Na3 25. Rb2 Nc4 26. Bxc4 Bxc4 27. g5 hxg5 28. hxg5 Rdf8 29. Rb1 b6 30. Kb2 c5 31. Be3 Re8 32. Rh1 Rxh1 33. Rxh1 Rxe4 34. Bc1 fxg5 35. fxg5 g6 36. Rh8+ Kb7 37. Rh7 Be6 38. Re7 Bf5 39. Rxe4 Bxe4 1/2-1/2

[Event "Skalica Masters op"]
[Site "Skalica"]
[Date "2020.08.26"]
[Round "5"]
[White "Skalsky, Alexandr"]
[Black "Valenta, Vit"]
[Result "1-0"]
[WhiteElo "2236"]
[BlackElo "2030"]
[PlyCount "31"]
[EventDate "2020.08.23"]
[EventType "swiss"]
[EventRounds "9"]
[EventCountry "SVK"]
[SourceTitle "CBM 198 Extra"]
[Source "ChessBase"]
[SourceDate "2020.11.30"]
[SourceVersion "1"]
[SourceVersionDate "2020.11.30"]
[SourceQuality "1"]

1. e4 e5 2. Nf3 Nc6 3. Bc4 Be7 4. d4 d6 5. dxe5 dxe5 6. Qxd8+ Bxd8 7. Nc3 Nf6 8. Be3 h6 9. Bb5 Bd7 10. 0-0-0 Ng4 11. Bc5 Be7 12. Bxe7 Kxe7 13. Nd5+ Kd8 14. Rd2 Re8 15. Rhd1 Kc8 16. h3 1-0

[Event "Skalica Masters op"]
[Site "Skalica"]
[Date "2020.08.25"]
[Round "4"]
[White "Pechac, Jergus"]
[Black "Skalsky, Alexandr"]
[Result "1-0"]
[WhiteElo "2498"]
[BlackElo "2236"]
[PlyCount "69"]
[EventDate "2020.08.23"]
[EventType "swiss"]
[EventRounds "9"]
[EventCountry "SVK"]
[SourceTitle "CBM 198 Extra"]
[Source "ChessBase"]
[SourceDate "2020.11.30"]
[SourceVersion "1"]
[SourceVersionDate "2020.11.30"]
[SourceQuality "1"]

1. Nf3 g6 2. e4 c5 3. d4 cxd4 4. Nxd4 Nc6 5. c4 Bg7 6. Be3 Nf6 7. Nc3 0-0 8. Be2 d6 9. 0-0 Bd7 10. h3 Rc8 11. Nf3 Na5 12. Nd2 Be6 13. Nd5 b5 14. Nxf6+ Bxf6 15. cxb5 Bxb2 16. Rb1 Bc3 17. Qa4 Qd7 18. Rfc1 Nb7 19. Nc4 Bxc4 20. Bxc4 Bg7 21. Qxa7 e6 22. b6 Ra8 23. Bb5 Rxa7 24. Bxd7 Rxa2 25. Bc8 Nc5 26. b7 Na6 27. Ba7 Be5 28. f4 Bxf4 29. Ra1 Rb2 30. Rf1 Nc5 31. Bxc5 dxc5 32. Rxf4 c4 33. Bxe6 c3 34. Bd5 c2 35. Rc1 1-0

[Event "Vsetin op 45th"]
[Site "Vsetin"]
[Date "2020.07.10"]
[Round "9"]
[White "Czerw, Dawid"]
[Black "Skalsky, Alexandr"]
[Result "1/2-1/2"]
[WhiteElo "2287"]
[BlackElo "2156"]
[PlyCount "23"]
[EventDate "2020.07.04"]
[EventType "swiss"]
[EventRounds "9"]
[EventCountry "CZE"]
[SourceTitle "CBM 197 Extra"]
[Source "ChessBase"]
[SourceDate "2020.09.30"]
[SourceVersion "1"]
[SourceVersionDate "2020.09.30"]
[SourceQuality "1"]

1. d4 Nf6 2. c4 g6 3. Nc3 d5 4. Nf3 Bg7 5. Bg5 Ne4 6. h4 Nxg5 7. hxg5 dxc4 8. Qa4+ c6 9. Qxc4 Be6 10. Qd3 Nd7 11. e3 Qa5 12. Rh4 1/2-1/2

[Event "Vsetin op 45th"]
[Site "Vsetin"]
[Date "2020.07.06"]
[Round "3"]
[White "Skalsky, Alexandr"]
[Black "Motuz, Karol"]
[Result "1/2-1/2"]
[WhiteElo "2156"]
[BlackElo "2353"]
[PlyCount "42"]
[EventDate "2020.07.04"]
[EventType "swiss"]
[EventRounds "9"]
[EventCountry "CZE"]
[SourceTitle "CBM 197 Extra"]
[Source "ChessBase"]
[SourceDate "2020.09.30"]
[SourceVersion "1"]
[SourceVersionDate "2020.09.30"]
[SourceQuality "1"]

1. e4 e5 2. Nf3 Nc6 3. Bb5 a6 4. Ba4 Nf6 5. 0-0 Be7 6. Re1 b5 7. Bb3 0-0 8. a4 b4 9. a5 d6 10. d3 Be6 11. Bxe6 fxe6 12. Nbd2 Rb8 13. Nb3 Qd7 14. h3 Kh8 15. Be3 Rb5 16. Nfd2 Qe8 17. Kh1 Qg6 18. Qe2 d5 19. Nf3 h6 20. d4 Qxe4 21. dxe5 Nh5 1/2-1/2

[Event "Vsetin op 45th"]
[Site "Vsetin"]
[Date "2020.07.05"]
[Round "2"]
[White "Skalsky, Alexandr"]
[Black "Osmanovic, Faruk"]
[Result "1-0"]
[WhiteElo "2156"]
[BlackElo "1999"]
[PlyCount "79"]
[EventDate "2020.07.04"]
[EventType "swiss"]
[EventRounds "9"]
[EventCountry "CZE"]
[SourceTitle "CBM 197 Extra"]
[Source "ChessBase"]
[SourceDate "2020.09.30"]
[SourceVersion "1"]
[SourceVersionDate "2020.09.30"]
[SourceQuality "1"]

1. e4 c5 2. Nf3 e6 3. d4 cxd4 4. Nxd4 a6 5. c4 Nf6 6. Nc3 Bb4 7. Qd3 Qc7 8. a3 Bd6 9. Ndb5 axb5 10. Nxb5 Qc5 11. Be3 Qe5 12. Qxd6 Qxd6 13. Nxd6+ Kd8 14. Nxf7+ Ke7 15. Nxh8 Nc6 16. f3 d6 17. 0-0-0 Bd7 18. Nf7 Kxf7 19. Rxd6 Rc8 20. Kb1 Be8 21. Be2 Ne5 22. Rc1 Ba4 23. Bd4 Nc6 24. Bxf6 gxf6 25. Bd1 Ke7 26. Rd2 Bxd1 27. Rcxd1 Rc7 28. b3 e5 29. Kb2 Nd4 30. a4 Rc8 31. Rxd4 exd4 32. Rxd4 Rg8 33. g3 h5 34. Rd5 h4 35. g4 Ke6 36. Rh5 Rd8 37. Kc2 Rd7 38. Rxh4 Ke5 39. Rh5+ Ke6 40. h4 1-0

[Event "Vsetin op 45th"]
[Site "Vsetin"]
[Date "2020.07.04"]
[Round "1"]
[White "Krizek, Krystof"]
[Black "Skalsky, Alexandr"]
[Result "0-1"]
[WhiteElo "1898"]
[BlackElo "2156"]
[PlyCount "52"]
[EventDate "2020.07.04"]
[EventType "swiss"]
[EventRounds "9"]
[EventCountry "CZE"]
[SourceTitle "CBM 197 Extra"]
[Source "ChessBase"]
[SourceDate "2020.09.30"]
[SourceVersion "1"]
[SourceVersionDate "2020.09.30"]
[SourceQuality "1"]

1. e4 c5 2. Nf3 d6 3. d4 cxd4 4. Nxd4 Nf6 5. Nc3 Nc6 6. Nxc6 bxc6 7. Bd3 e5 8. 0-0 Be7 9. Kh1 Rb8 10. f4 exf4 11. Qf3 g5 12. b3 Ng4 13. Bb2 Bf6 14. Rae1 Nxh2 15. Qh5 Nxf1 16. Rxf1 Be6 17. Na4 Bxb2 18. Nxb2 Qf6 19. Nc4 Bxc4 20. Bxc4 Qg6 21. Qf3 0-0 22. g3 fxg3 23. Kg2 Rbe8 24. e5 dxe5 25. Qg4 h5 26. Qxg3 Kg7 0-1

[Event "EU-ch Online U2300 Final"]
[Site "Chess.com INT"]
[Date "2020.05.26"]
[Round "5"]
[White "Skalsky, Alexandr"]
[Black "Tsereteli, Tornike"]
[Result "0-1"]
[WhiteElo "2251"]
[BlackElo "1735"]
[PlyCount "76"]
[EventDate "2020.05.26"]
[EventType "swiss"]
[EventRounds "8"]
[EventCountry "NET"]
[SourceTitle "CBM 196 Extra"]
[Source "ChessBase"]
[SourceDate "2020.07.31"]
[SourceVersion "1"]
[SourceVersionDate "2020.07.31"]
[SourceQuality "1"]

1. e4 Nf6 2. e5 Nd5 3. d4 d6 4. Nf3 Bg4 5. Be2 e6 6. h3 Bh5 7. c4 Nb6 8. exd6 cxd6 9. Nc3 Be7 10. d5 e5 11. g4 Bg6 12. h4 h5 13. g5 N8d7 14. Be3 Rc8 15. Nd2 Nc5 16. Bxc5 Rxc5 17. Nde4 Rc8 18. c5 Na8 19. Qa4+ Kf8 20. Qxa7 Nc7 21. Rd1 Ne8 22. Qxb7 Rb8 23. Qa7 Rxb2 24. c6 Nc7 25. Bd3 Qc8 26. Rb1 Rxb1+ 27. Bxb1 f5 28. gxf6 gxf6 29. Nxd6 Bxd6 30. Bxg6 Qg4 31. Be4 f5 32. Qe3 fxe4 33. Nxe4 Nxd5 34. Qd3 Bb4+ 35. Kf1 Nf4 36. Qd8+ Kg7 37. Qc7+ Kh6 38. Rg1 Qe2# 0-1

[Event "CZE-ch U20"]
[Site "Kouty nad Desnou"]
[Date "2020.03.12"]
[Round "8"]
[White "Stinka, Jakub"]
[Black "Skalsky, Alexandr"]
[Result "1/2-1/2"]
[WhiteElo "2263"]
[BlackElo "2201"]
[PlyCount "60"]
[EventDate "2020.03.06"]
[EventType "tourn"]
[EventRounds "11"]
[EventCountry "CZE"]
[SourceTitle "CBM 195 Extra"]
[Source "ChessBase"]
[SourceDate "2020.05.31"]
[SourceVersion "1"]
[SourceVersionDate "2020.05.31"]
[SourceQuality "1"]

1. d4 Nf6 2. c4 g6 3. Nf3 Bg7 4. g3 d5 5. cxd5 Nxd5 6. Bg2 Nb6 7. Nc3 Nc6 8. e3 0-0 9. 0-0 Re8 10. Re1 a5 11. Qe2 Be6 12. Nd2 a4 13. Rb1 f5 14. b3 axb3 15. axb3 Nd5 16. Bb2 Nxc3 17. Bxc3 Bd5 18. Bxd5+ Qxd5 19. Qc4 e6 20. Ra1 b5 21. Qxd5 exd5 22. Kf1 Bf8 23. Ke2 Kf7 24. Kd3 Ke6 25. Nf3 Kd7 26. h4 h5 27. Rec1 Ba3 28. Rc2 Bd6 29. Rca2 Rxa2 30. Rxa2 Rb8 1/2-1/2

[Event "CZE-ch U20"]
[Site "Kouty nad Desnou"]
[Date "2020.03.09"]
[Round "4"]
[White "Skalsky, Alexandr"]
[Black "Sprenar, Petr"]
[Result "1-0"]
[WhiteElo "2201"]
[BlackElo "2302"]
[PlyCount "49"]
[EventDate "2020.03.06"]
[EventType "tourn"]
[EventRounds "11"]
[EventCountry "CZE"]
[SourceTitle "CBM 195 Extra"]
[Source "ChessBase"]
[SourceDate "2020.05.31"]
[SourceVersion "1"]
[SourceVersionDate "2020.05.31"]
[SourceQuality "1"]

1. e4 c5 2. Nf3 e6 3. d4 cxd4 4. Nxd4 Nc6 5. Nc3 Qc7 6. Be3 a6 7. a3 Nf6 8. f4 d6 9. Qf3 Be7 10. 0-0-0 0-0 11. Nxc6 bxc6 12. g4 d5 13. g5 dxe4 14. Nxe4 Nd5 15. Rg1 Nxe3 16. Qxe3 c5 17. f5 f6 18. Bc4 Kh8 19. gxf6 Bxf6 20. Nxf6 gxf6 21. Qh6 Qe7 22. fxe6 Ra7 23. Rd3 Rc7 24. Rdg3 Bb7 25. Qxf8+ 1-0

[Event "CZE-ch U20"]
[Site "Kouty nad Desnou"]
[Date "2020.03.06"]
[Round "1"]
[White "Riha, Vojtech"]
[Black "Skalsky, Alexandr"]
[Result "1/2-1/2"]
[WhiteElo "2306"]
[BlackElo "2201"]
[PlyCount "60"]
[EventDate "2020.03.06"]
[EventType "tourn"]
[EventRounds "11"]
[EventCountry "CZE"]
[SourceTitle "CBM 195 Extra"]
[Source "ChessBase"]
[SourceDate "2020.05.31"]
[SourceVersion "1"]
[SourceVersionDate "2020.05.31"]
[SourceQuality "1"]

1. e4 c5 2. b4 cxb4 3. a3 e5 4. Nf3 Nc6 5. Bb5 Nf6 6. 0-0 Nxe4 7. Re1 Qb6 8. Rxe4 Qxb5 9. axb4 Bxb4 10. c3 Be7 11. c4 Qb6 12. Nxe5 d6 13. Nxc6 bxc6 14. d4 d5 15. cxd5 cxd5 16. Re5 Be6 17. Nc3 0-0 18. Nxd5 Bxd5 19. Rxd5 Rfd8 20. Rxd8+ Rxd8 21. Be3 Bf6 22. Ra4 g6 23. h3 Qb7 24. Qa1 Rd7 25. Qa2 h5 26. Ra6 Kg7 27. Qa4 Be7 28. Qa1 Kh7 29. d5 Qxd5 30. Rxa7 Rxa7 1/2-1/2

[Event "CZE-chT1E 1920"]
[Site "Czech Republic"]
[Date "2020.03.01"]
[Round "9.6"]
[White "Skalsky, Alexandr"]
[Black "Walek, Milan"]
[Result "0-1"]
[WhiteElo "2255"]
[BlackElo "2297"]
[PlyCount "118"]
[EventDate "2019.10.20"]
[EventType "team-tourn"]
[EventRounds "11"]
[EventCountry "CZE"]
[SourceTitle "CBM 195 Extra"]
[Source "ChessBase"]
[SourceDate "2020.05.31"]
[SourceVersion "1"]
[SourceVersionDate "2020.05.31"]
[SourceQuality "1"]
[WhiteTeam "Stare Mesto"]
[BlackTeam "Trinec"]
[WhiteTeamCountry "CZE"]
[BlackTeamCountry "CZE"]

1. e4 c5 2. Nf3 d6 3. d4 cxd4 4. Nxd4 Nf6 5. Nc3 Nc6 6. Bg5 e6 7. Qd2 a6 8. 0-0-0 Bd7 9. f4 b5 10. a3 Qb6 11. e5 h6 12. Bh4 Qxd4 13. Qxd4 Nxd4 14. Rxd4 g5 15. exf6 gxh4 16. Be2 Bc6 17. Re1 h5 18. f5 Bxg2 19. Rxh4 e5 20. Rg1 Bc6 21. Rxh5 Rh6 22. Rxh6 Bxh6+ 23. Kb1 d5 24. a4 b4 25. Na2 a5 26. Nc1 Kd7 27. Bh5 Rf8 28. Nb3 Kd6 29. Nxa5 Bxa4 30. Nb7+ Kc6 31. Na5+ Kb6 32. Nb3 d4 33. Rg7 d3 34. Bxf7 d2 35. Bh5 Rxf6 36. Rg6 Rc6 37. Bf3 e4 38. Be2 e3 39. Nd4 Rxg6 40. fxg6 Bd7 41. Bd1 Bg7 42. Ne2 Bf5 43. Nf4 Be4 44. b3 Be5 45. Nd3 Bc3 46. g7 Bh7 47. Nf4 Kc5 48. h4 Kd6 49. h5 Bxg7 50. Bf3 Be5 51. Nd3 Bc3 52. Nf4 Ke5 53. Nd3+ Kf5 54. Be2 Kg5 55. Nc5 Bf5 56. h6 Kxh6 57. Na4 Bd4 58. Bd1 Kg5 59. Ka2 Bg4 0-1

[Event "CZE-chT1E 1920"]
[Site "Czech Republic"]
[Date "2019.12.08"]
[Round "4.3"]
[White "Skalsky, Alexandr"]
[Black "Danada, Tomas"]
[Result "0-1"]
[WhiteElo "2255"]
[BlackElo "2266"]
[PlyCount "84"]
[EventDate "2019.10.20"]
[EventType "team-tourn"]
[EventRounds "11"]
[EventCountry "CZE"]
[SourceTitle "CBM 193 Extra"]
[Source "ChessBase"]
[SourceDate "2020.01.31"]
[SourceVersion "1"]
[SourceVersionDate "2020.01.31"]
[SourceQuality "1"]
[WhiteTeam "Stare Mesto"]
[BlackTeam "Hostalkova"]
[WhiteTeamCountry "CZE"]
[BlackTeamCountry "CZE"]

1. e4 c5 2. Nf3 d6 3. d4 cxd4 4. Nxd4 Nf6 5. Nc3 Nc6 6. Bg5 g6 7. Bxf6 exf6 8. Be2 Bg7 9. Ndb5 0-0 10. Qxd6 f5 11. 0-0-0 Qb6 12. Nc7 Rb8 13. N7d5 Qxf2 14. Qg3 Qc5 15. Rhf1 Kh8 16. Qh4 b5 17. exf5 gxf5 18. Rd3 Qd6 19. Rh3 h6 20. Rff3 Ne5 21. Rfg3 Ng4 22. Rxg4 fxg4 23. Rd3 Bf5 24. Rd2 b4 25. Ne3 Qe5 26. Ncd1 Be6 27. Nxg4 Qg5 28. Qg3 Rbd8 29. Nge3 Rxd2 30. Kxd2 Rd8+ 31. Bd3 Qxg3 32. hxg3 Be5 33. g4 Rd4 34. Nf2 Rf4 35. Ne4 Bxb2 36. g3 Bc3+ 37. Nxc3 bxc3+ 38. Kxc3 Ra4 39. Nf5 Rxg4 40. Nxh6 Rxg3 41. Kb4 Rg5 42. Bf5 Kg7 0-1

[Event "CZE-chT 1920"]
[Site "Czech Republic"]
[Date "2019.11.30"]
[Round "3.4"]
[White "Skalsky, Alexandr"]
[Black "Mrazek, Lumir"]
[Result "0-1"]
[WhiteElo "2255"]
[BlackElo "2303"]
[PlyCount "104"]
[EventDate "2019.10.12"]
[EventType "team-tourn"]
[EventRounds "11"]
[EventCountry "CZE"]
[SourceTitle "CBM 193 Extra"]
[Source "ChessBase"]
[SourceDate "2020.01.31"]
[SourceVersion "1"]
[SourceVersionDate "2020.01.31"]
[SourceQuality "1"]
[WhiteTeam "Ostrava Labortech"]
[BlackTeam "Frydek Mistek"]
[WhiteTeamCountry "CZE"]
[BlackTeamCountry "CZE"]

1. e4 c5 2. Nf3 Nc6 3. d4 cxd4 4. Nxd4 e5 5. Nb5 a6 6. Nd6+ Bxd6 7. Qxd6 Qf6 8. Qd1 Qg6 9. Nc3 d5 10. Nxd5 Qxe4+ 11. Be3 Nd4 12. Nc7+ Ke7 13. Nxa8 Nxc2+ 14. Qxc2 Qxc2 15. Rc1 Qf5 16. Rc3 Kf6 17. Bd3 Qg4 18. f3 Qh4+ 19. Bf2 Qb4 20. 0-0 Ne7 21. f4 Bf5 22. fxe5+ Kg6 23. Rc4 Qd2 24. Rg4+ Kh5 25. Rh4+ Kg5 26. Bxf5 Nxf5 27. Be1 Qe3+ 28. Bf2 Qxe5 29. Rc4 Rxa8 30. g4 Ne3 31. Bg3 Qxg3+ 32. hxg3 Nxc4 33. Rxf7 b5 34. b3 Ne3 35. Re7 Nxg4 36. Rxg7+ Kf5 37. Rxh7 Rc8 38. Rf7+ Nf6 39. Kf2 Rc2+ 40. Kf3 Rxa2 41. g4+ Kg6 42. Ra7 Ra1 43. Ke3 Nxg4+ 44. Kd4 Kf6 45. Kc5 Ke6 46. Ra8 Nf6 47. Kc6 Nd5 48. Rd8 Rc1+ 49. Kb7 Rc3 50. Kxa6 Rxb3 51. Ka5 Ke5 52. Rb8 Ra3+ 0-1